UK Sample Platter Quiz Stats

 Plays Quiz not verified by Sporcle

Support Sporcle.
Go Orange.
Score 0/15 Timer 05:00
0 Plays Today
Question Answer % Correct
The United Kingdom only borders this country.Ireland
97.8%
This corporation is both the oldest and most popular broadcaster in the United Kingdom.British Broadcasting Corporation
97%
This British spy-thriller series started off with the film 'Dr. No'James Bond
96.2%
Founded approximately 1000 years ago, this is the oldest English speaking university in the world.University of Oxford
95.9%
The UK was the home of this world famous band, with chart topping songs such as 'From Me to You' and 'I Want to Hold Your Hand'The Beatles
95.2%
This British children's book series was first published in 1997 and has since become the most popular book series in the world.Harry Potter
92.7%
These are the two colors of the Scottish flag.Blue and White
92.6%
This English scientist wrote the laws of motion.Issac Newton
86.1%
Question Answer % Correct
This British celebrity is most well known for his role as Mr. Bean.Rowan Atkinson
85.1%
This football stadium is the largest stadium in the UK.Wembley Stadium
84.2%
After a dispute with the Catholic Church, King Henry VIII created this religious denomination.Church of England
79.4%
This best-selling British video game series is well known for its controversies relating to sex and violence and its influence in open world games.Grand Theft Auto
64.2%
This March holiday is only celebrated by Northern IrelandSt. Patrick's Day
58.5%
This man was the first formally elected prime minister of the UK, first elected in 1721.Robert Walpole
36.9%
This Germanic language is spoken by over one million people, the most popular British language in the UK after English.Scots
21.2%

You're not logged in!

Compare scores with friends on all Sporcle quizzes.
OR
Log In

From the Vault

Ten Group Blitz: Television

by petenge

We chose 10 because it lines up with the number of fingers we can count on.
Remove Ads.
Support Sporcle.
Get the best of Sporcle when you Go Orange. This ad-free experience offers more features, more stats, and more fun while also helping to support Sporcle. Thank you for becoming a member.

Show Comments

Extras

Top Quizzes Today


Score Distribution

Your Account Isn't Verified!

In order to create a playlist on Sporcle, you need to verify the email address you used during registration. Go to your Sporcle Settings to finish the process.

Report this User

Report this user for behavior that violates our Community Guidelines.

Details: